75 Reading an Anthology

Uloženo v:
Podrobná bibliografie
Médium: Kniha
Tagy: Přidat tag
Žádné tagy, Buďte první, kdo otaguje tento záznam!
Thư viện lưu trữ: Mạng thư viện Đại học Đà Nẵng
LEADER 00410nam a22001691a 4500
001 000040447
003 16742
005 20160412023218.0
008 160412s0 000
082 |a A2399-100 
245 |a 75 Reading an Anthology  |c Santi Burcemi 
OWN |a LNN 
999 |a From the UDN01 
TYP |a Monograph 
980 |a Mạng thư viện Đại học Đà Nẵng